000 00417 a2200169 4500
001 191633
020 _a978-85-16-09084-5
040 _cMagnum
100 _aRocha, Ruth
240 1 0 _aToda criança do mundo mora no meu coração
_lpor
245 1 0 _aToda criança do mundo mora no meu coração
300 _a62
362 0 _a2014
440 1 _aSalamandra
697 _aLITERATURA INFANTO-JUVENIL
942 _cBK
999 _c191633
_d191633